Reliez les ministres à leur loi - Statistiques

Statistiques générales
  • Ce quiz a été pris 244 fois
  • Le résultat moyen est 6 sur 13
Statistiques - réponses
Hint Réponse % Correct
Loi relative à l'interruption volontaire de la grossesse Simone Veil
97%
Loi portant abolition de la peine de mort Robert Badinter
86%
Loi ouvrant le mariage aux couples de personnes de même sexe Christiane Taubira
82%
Loi relative à la lutte contre le tabagisme et l'alcoolisme Claude Evin
65%
Loi relative à la maîtrise de l'immigration, au séjour des étrangers en France et à la nationalité Nicolas Sarkozy
56%
Loi relative à la réduction négociée du temps de travail Martine Aubry
55%
Loi pour la croissance, l'activité et l'égalité des chances économiques Emmanuel Macron
53%
Loi relative aux droits des malades et à la qualité du système de santé Bernard Kouchner
52%
Loi d'orientation sur l'éducation Lionel Jospin
28%
Loi sur les rapports entre l'Etat et les établissements d'enseignement privés Michel Debré
20%
Loi relative aux libertés des travailleurs dans l'entreprise Jean Auroux
19%
Loi portant diverses mesures relatives à la sécurité sociale. Pierre Bérégovoy
19%
Loi relative à la limitation des dépenses électorales et à la clarification du financement des activités politiques Michel Rocard
14%
Aucun quiz correspondant
Distribution des résultats
% des personnes avec chaque résultat
Percentile par nombre de réponses
Votre historique - résultats
Vous n’avez pas pris ce quiz